000 00310nam a22001337a 4500
008 170206b xxu||||| |||| 00| 0 eng d
020 _a9780838513972
041 _aeng
080 _24ED
_a61
100 _a3
101 _aSHM
245 _aCULTURAL DIVERSITY HEALTH ILLNES
_cRACHELL E SPECTOR
942 _2udc
_cBK
999 _c4740
_d4740